[Event "Helsingor Xtracon op"]
[Site "Helsingor"]
[Date "2019.07.21"]
[Round "2"]
[White "Khoo Thwe, Louis"]
[Black "Hinrichs, Kurt"]
[Result "1-0"]
[WhiteElo "1746"]
[BlackElo "1225"]
[PlyCount "35"]
[EventDate "2019.07.20"]
[EventType "swiss"]
[EventRounds "10"]
[EventCountry "DEN"]
[SourceTitle "CBM 191 Extra"]
[Source "ChessBase"]
[SourceDate "2019.09.30"]
[SourceVersion "1"]
[SourceVersionDate "2019.09.30"]
[SourceQuality "1"]

1. e4 e6 2. d4 d5 3. Nd2 dxe4 4. Nxe4 Bd7 5. Nf3 Bc6 6. Bd3 Nd7 7. 0-0 Ngf6 8. Nxf6+ Nxf6 9. Bf4 Bxf3 10. Qxf3 c6 11. c3 Be7 12. Rfe1 0-0 13. Qh3 Bd6 14. Bg5 h6 15. Bxh6 gxh6 16. Qxh6 Re8 17. Re3 b5 18. Rh3 1-0

[Event "Helsingor Xtracon op"]
[Site "Helsingor"]
[Date "2018.07.22"]
[Round "3"]
[White "Hinrichs, Kurt"]
[Black "Nielsen, Jorgen Kamp"]
[Result "0-1"]
[WhiteElo "1223"]
[BlackElo "1674"]
[PlyCount "44"]
[EventDate "2018.07.21"]
[EventType "swiss"]
[EventRounds "10"]
[EventCountry "DEN"]
[SourceTitle "CBM 185 Extra"]
[Source "ChessBase"]
[SourceDate "2018.07.29"]
[SourceVersion "1"]
[SourceVersionDate "2018.07.29"]
[SourceQuality "1"]

1. d4 f5 2. Bf4 Nf6 3. e3 g6 4. Nd2 Bg7 5. Bd3 0-0 6. c4 d6 7. h3 Nbd7 8. Qb3 e5 9. dxe5 dxe5 10. Bg3 Nc5 11. Qc2 Nxd3+ 12. Ke2 e4 13. Rd1 Nh5 14. Bh2 Nxb2 15. Rb1 Nd3 16. g4 fxg4 17. Nxe4 Ne5 18. hxg4 Bxg4+ 19. Ke1 Nf3+ 20. Nxf3 Bxf3 21. Rg1 Qh4 22. Ng3 Qxh2 0-1

[Event "Helsingor Xtracon op"]
[Site "Helsingor"]
[Date "2017.07.28"]
[Round "8"]
[White "Hinrichs, Kurt"]
[Black "Cort Maleeva Hansen, Daniel Alexander"]
[Result "1/2-1/2"]
[WhiteElo "1277"]
[BlackElo "1166"]
[PlyCount "37"]
[EventDate "2017.07.22"]
[EventType "swiss"]
[EventRounds "10"]
[EventCountry "DEN"]
[SourceTitle "CBM 179 Extra"]
[Source "ChessBase"]
[SourceDate "2017.08.23"]
[SourceVersion "1"]
[SourceVersionDate "2017.08.23"]
[SourceQuality "1"]

1. d4 d5 2. Bf4 Nc6 3. e3 Nf6 4. c4 e6 5. Nc3 a6 6. Nf3 Bb4 7. Bd3 dxc4 8. Bxc4 Ne4 9. Qc2 Nd6 10. Bd3 Bd7 11. 0-0 Qe7 12. Bxh7 g6 13. Bg5 Qf8 14. Bxg6 fxg6 15. Qxg6+ Qf7 16. Qd3 Ne7 17. Ne5 Qf5 18. Bf4 Qxd3 19. Nxd3 1/2-1/2

[Event "Helsingor Xtracon op"]
[Site "Helsingor"]
[Date "2017.07.27"]
[Round "7"]
[White "Joa, Vegard"]
[Black "Hinrichs, Kurt"]
[Result "1/2-1/2"]
[WhiteElo "1105"]
[BlackElo "1277"]
[PlyCount "121"]
[EventDate "2017.07.22"]
[EventType "swiss"]
[EventRounds "10"]
[EventCountry "DEN"]
[SourceTitle "CBM 179 Extra"]
[Source "ChessBase"]
[SourceDate "2017.08.23"]
[SourceVersion "1"]
[SourceVersionDate "2017.08.23"]
[SourceQuality "1"]

1. d4 d5 2. e3 Nf6 3. c4 c5 4. Nf3 e6 5. b3 Nc6 6. cxd5 Nxd5 7. Bb5 Bd7 8. 0-0 Be7 9. Ba3 Qa5 10. Bxc6 Bxc6 11. Qe1 Qxe1 12. Rxe1 cxd4 13. Bxe7 Nxe7 14. Nxd4 Rc8 15. Nc3 0-0 16. Rac1 Bd7 17. Ncb5 Bxb5 18. Nxb5 a6 19. Nd6 Rxc1 20. Rxc1 b5 21. g3 h6 22. b4 Ra8 23. e4 f5 24. e5 g5 25. Nb7 Nd5 26. a3 Kf7 27. Rc6 Ne7 28. Rc7 Ke8 29. Nd6+ Kd8 30. Rb7 Ng8 31. Rf7 Rb8 32. Rh7 g4 33. Rh8 Kc7 34. Rh7+ Kb6 35. Nf7 Kc6 36. Nxh6 Nxh6 37. Rxh6 Kd5 38. f4 Rb6 39. Rh7 Kc4 40. Rd7 Rc6 41. Kg2 Kb3 42. Rd6 Rc2+ 43. Kf1 Kxa3 44. Rxa6+ Kxb4 45. Kg1 Kc3 46. Ra3+ Kc4 47. Ra6 b4 48. Rc6+ Kb3 49. Rxe6 Kb2 50. Rb6 b3 51. e6 Rc8 52. Rb7 Kc2 53. e7 Re8 54. Rc7+ Kb1 55. Rd7 b2 56. Rb7 Kc1 57. Rc7+ Kd1 58. Rd7+ Kc1 59. Rc7+ Kb1 60. Kf2 Ka2 61. Ra7+ 1/2-1/2

[Event "Helsingor Xtracon op"]
[Site "Helsingor"]
[Date "2017.07.22"]
[Round "1"]
[White "Hinrichs, Kurt"]
[Black "Rasmussen, Lars Garne"]
[Result "0-1"]
[WhiteElo "1277"]
[BlackElo "1961"]
[PlyCount "90"]
[EventDate "2017.07.22"]
[EventType "swiss"]
[EventRounds "10"]
[EventCountry "DEN"]
[SourceTitle "CBM 179 Extra"]
[Source "ChessBase"]
[SourceDate "2017.08.23"]
[SourceVersion "1"]
[SourceVersionDate "2017.08.23"]
[SourceQuality "1"]

1. d4 d5 2. Bf4 Nf6 3. e3 c5 4. c4 Nc6 5. Nc3 cxd4 6. exd4 Bf5 7. a3 e6 8. Nf3 Be7 9. Be2 dxc4 10. Bxc4 Rc8 11. Be2 0-0 12. 0-0 Nd5 13. Bd2 Bf6 14. Be3 Nxe3 15. fxe3 h6 16. h3 Qb6 17. Qa4 e5 18. Qb5 exd4 19. Qxb6 axb6 20. Nb5 Be4 21. Nbxd4 Bxf3 22. Bxf3 Nxd4 23. exd4 Bxd4+ 24. Kh1 Rc2 25. Bxb7 Rxb2 26. Rab1 Ra2 27. Rb3 Bc5 28. Rff3 Re8 29. Rfd3 Re7 30. Bf3 Ra7 31. Rd8+ Kh7 32. Bd5 R2xa3 33. Rxa3 Bxa3 34. g4 Bc5 35. Rb8 Re7 36. Kg2 Kg6 37. Kf3 Re3+ 38. Kg2 Re5 39. Bf3 Kf6 40. Kg3 Re1 41. Rb7 Re3 42. Kf4 Ke6 43. Rb8 g5+ 44. Kg3 Bd6+ 45. Kf2 Rxf3+ 0-1